书目信息 |
| 题名: |
投影几何学
|
|
| 作者: | 张世钧 编译 | |
| 分册: | ||
| 出版信息: | 北京 高等教育出版社 1955 |
|
| 页数: | 195页 | |
| 开本: | 26cm | |
| 丛书名: | ||
| 单 册: | ||
| 中图分类: | O185.1 | |
| 科图分类: | ||
| 主题词: | 几何 , 拓扑 | |
| 电子资源: | ||
| ISBN: | ||
| 000 | 00598nam0 2200229 450 | |
| 001 | 0654815411 | |
| 005 | 20060425151558.79 | |
| 010 | @dCNY1.20 | |
| 100 | @a20060425d1955 km y0chiy0120 ea | |
| 101 | 0 | @achi |
| 102 | @aCN@b110000 | |
| 200 | 1 | @a投影几何学@Atou ying ji he xue@f张世钧等编译@Fzhang shi jun deng bian yi |
| 205 | @a新1版 | |
| 210 | @a北京@c高等教育出版社@d1955 | |
| 215 | 1 | @a195页@d26cm |
| 300 | @a高等学校教学用书 | |
| 606 | 0 | @a几何 |
| 606 | 0 | @a拓扑 |
| 690 | @aO185.1@v4 | |
| 701 | 0 | @a张世钧@Azhang shi jun@4编译 |
| 801 | 0 | @aCN@bPFT@c20060425 |
| 905 | @a10447@dO185.1@e18 | |
| 投影几何学/张世钧等编译.-新1版.-北京:高等教育出版社,1955 |
| 195页;26cm |
| 高等学校教学用书 |
| ISBN :CNY1.20 |
| ● |
| 相关链接 |
|
|
|
|
正题名:投影几何学
索取号:O185.1/18
 
预约/预借
| 序号 | 登录号 | 条形码 | 馆藏地/架位号 | 状态 | 备注 |
| 1 | 0016148 | 000406910 | 密集书库/ [索取号:O185.1/18] | 在馆 | |
| 2 | 0206013 | 000406929 | 第二样本阅览室/ [索取号:O185.1/18] | 在馆 |